Регионална библиотека "Любен Каравелов" - Русе

Die Liebesprobe (Запис номер 297038)

MARC детайли
000 -Лидер
Контролно поле с фиксирана дължина 01273ncm a2200373 a 4500
003 - Код на организацията, давaща контролен номер
Контролно поле BLK
005 - Дата и час на последна редакция
Контролно поле 20250131151217.0
008 - Елементи от данни с фиксирана дължина
fixed length control field 180414b bul |a|er|||| |0| c|bulo|
010 ## - Наследен системен номер
LC control number NOT00000388000
040 ## - Източник на каталожния запис
Идентификатор на билиотеката - собственик на записа BLK
041 ## - Код за език
Код за езика на текст/звукозапис или на отделно заглавие Немски
Код за езика КДБФ Немски
080 ## - УДК
Текстов определител УДК Комични опери. Опера-буфа
УДК код - определител по УДК 782.7
УДК - код + определител 782.7
100 1# - Редна дума - Автор
Автор Росини, Джоакино
Авторска отговорност първи автор
R(LIN) 387561
139 ## - Редно поле
Редна дума Росини, Джоакино
Авторски знак Роси - Р 86
245 10 - Сведения за заглавието
Заглавие Die Liebesprobe
Подзаглавни данни Komische Oper in zwei Akten
Редно поле (дума) Джоакино Росини; * Gioacchino Rossini; либрето Luigi Romanelli.
246 11 - Различни форми на заглавието
Паралелно заглавие La Pieta del Paragone
254 ## - Сведения за формата на нотното издание
Формат на описваните ноти Клавир
257 ## - Страна на издаване
Страна на създаване/издаване Германия
260 ## - Област на издателските данни
Място на издаване, разпространение и проч. Berlin
Име на издателя, разпространителя и проч. Barenreiter 3496a
Година на издаване 1962
300 ## - Физическа характеристика
Страници 353 с.
Размери/Мащаб 28 см
380 ## - Жанр
Жанр Изкуство
500 ## - Общи забележки
Забележка Текст на нем. ез.
650 #4 - Допълнително описание по предмет – тема
Основно описание – тема или топоним Опера, комична
9 (RLIN) 315976
653 ## - Ключова дума – ненормативна
Ключова дума комични опери
700 ## - Други автори (авторска отговорност)
Лично име Rossini, Gioacchino
9 (RLIN) 387746
700 1# - Други автори (авторска отговорност)
Лично име Romanelli, Luigi
Автороска отговорност (Описва отношението между автора и произведението) либрето
9 (RLIN) 361652
852 ## - Местоположение
Форматна сигнатура Цб М ІІ 7261
Част 0
856 4# - Електронен адрес и достъп
Електронен формат pdf - файл
Път до файла /url/
Инструкция (цена за достъп) 40.40
Права за достъп disable
856 4# - Електронен адрес и достъп
Електронен формат pdf - файл
Път до файла /url/
Инструкция (цена за достъп) 40.40
Права за достъп disable
999 ## - СИСТЕМНИ КОНТРОЛНИ НОМЕРА
Koha biblionumber 297038
Koha biblioitemnumber 297038
942 ## - АРТИКУЛИ
Вид на библиотечния материал Нотни издания
Скрит в OPAC Не
Периодичен библиозапис Да
944 ## - СЪЗДАВАНЕ И РЕДАКЦИЯ на ЗАПИСА
Създаване/Редакция Създаване
Дата на регистрацията/редакция 18.12.2003
Служител, извършил регистрацията/редакцията 30560
Статус, дата на статуса Геновева Генчева
944 ## - СЪЗДАВАНЕ И РЕДАКЦИЯ на ЗАПИСА
Създаване/Редакция Редакция
Дата на регистрацията/редакция 11.10.2010
999 ## - СИСТЕМНИ КОНТРОЛНИ НОМЕРА
Koha biblioitemnumber 297038
Наличности
Код за отписване Код за изгубен артикул Източник на класификационната схема Код за повреда Коз за рестрикции Код за отдаване Артикулен № Име на библиотеката - собственик Име на библиотеката, в която се намира в момента Статус (Текущо местоположение) Дата на вписване в системата Местоположение - отдел Цена в лева Инвентарен номер Систематично азбучна сигнатура Баркод Номер на екземпляра Цена в евро Служебна бележка Служебен тип на артикула
  Не е изгубен Universal Decimal Classification Не е повреден само за читалня ползва се в читалня 647529 Регионална библиотека "Любен Каравелов" Русе Регионална библиотека "Любен Каравелов" Русе Хранилище 1975-01-01 Основен фонд - ползва се само за читалня 40.40 207859 Цб М II 7261 120000207859 1 20.66 N: стар фонд Дата: 01.01.1975 Нотни издания
Vip Innovations Ltd, Rousse, Bulgaria 2025